Meranie sociálneho rozvoja

Možnosti merania sociálneho rozvoja. Sociálne ukazovatele OECD. Prehľad sociálnych ukazovateľov.

Guardado en:
Detalles Bibliográficos
Autor principal: Dudová, Iveta
Formato: Capítulo de libro
Lenguaje:eslovaco
Materias:
Etiquetas: Agregar Etiqueta
Sin Etiquetas, Sea el primero en etiquetar este registro!

MARC

LEADER 00000naa$a2200000$$$4500
001 0114702
005 20240711075610.1
041 0 |a slo 
044 |a SK 
245 1 0 |a Meranie sociálneho rozvoja  |c Iveta Dudová 
520 |a Možnosti merania sociálneho rozvoja. Sociálne ukazovatele OECD. Prehľad sociálnych ukazovateľov. 
610 2 0 |a rozvoj sociálny 
610 2 0 |a politika sociálna 
610 2 0 |a blahobyt 
610 2 0 |a úroveň životná 
610 2 0 |a rozvoj sociálny 
610 2 0 |a ukazovatele sociálne 
100 1 |a Dudová, Iveta